Produits McDonald's - Statistiques

Statistiques générales
  • Ce quiz a été pris 2 275 fois
  • Le résultat moyen est 22 sur 55
Statistiques - réponses
Type de quiz Produit % Correct
Burger Big Mac
93%
Boisson Coca Cola (Sans Sucres)
88%
Boisson Evian
77%
Boisson Fanta (Sans Sucres)
77%
Burger Cheeseburger
76%
Boisson Ice Tea
76%
Beignets Chicken McNuggets
70%
Accompagnement Frites
70%
Dessert McFlurry
70%
Burger Double Cheese
68%
Accompagnement Potatoes
67%
Burger CBO
64%
Burger McChicken
64%
Burger 280 (Bacon, Oeuf)
61%
Burger Hamburger
59%
Burger Big Tasty (Chicken et Bacon)
58%
Boisson Sprite (Sans Sucres)
58%
Burger Triple Cheeseburger (Bacon)
58%
Burger Filet-o-fish
52%
Dessert P'tite Pomme
51%
Burger petite faim Croque McDo
50%
Salade Chèvre croustillant & chaud
49%
Wrap Petit Ranch
47%
Dessert petite faim Donut nature et confetti
46%
Dessert Sundae
46%
Burger McFirst (Bœuf, poulet, poisson)
45%
Dessert Cookie
42%
Boisson Minute Maid Orange
38%
Boisson Heineken
35%
Burger McFish
35%
Burger Royal deluxe
33%
Dessert Brownie
31%
Boisson McCafé
31%
Dessert Muffin
31%
Burger Signature
31%
Wrap McWrap
27%
Salade Classic Caesar
23%
Burger petite faim McMuffin (Bacon, Cheese)
23%
Dessert P'tit Ananas
23%
Boisson Badoit
21%
Boisson Green Ice Tea
21%
Dessert petite faim P'tit Milkshake
21%
Dessert Very Parfait
16%
Petite faim P'tites tomates
12%
Petite faim P'tites Carottes
11%
Salade P'tite salade
9%
Dessert Bio à boire
8%
Burger petite faim P'tit Fondu
7%
Dessert Berlingo' Fruits
6%
Salade Italian Mozza
6%
Dessert P'tit Melon
6%
Dessert P'tit Glacé
4%
Salade Manhattan
1%
Boisson Nectar de pomme bio
1%
Salade Melon et jambon
0%
Aucun quiz correspondant
Distribution des résultats
% des personnes avec chaque résultat
Percentile par nombre de réponses
Votre historique - résultats
Vous n’avez pas pris ce quiz